| 000 | 00481cam a2200193ua 4500 | ||
|---|---|---|---|
| 001 | 2617 | ||
| 008 | 110829n ii |||gr||||Z||||||asm | ||
| 040 | _cMAIN | ||
| 082 | _a410 | ||
| 100 | 1 |
_aGoswami, Upendra Nath, _eAuthor. |
|
| 245 | 1 | 1 |
_aBhasa aru sahitya _cby Upendra Nath Goswami |
| 250 | _a4th. | ||
| 260 |
_aGuahati: _bMani Manik Prakash,985. |
||
| 300 |
_a262p: _c23cm. |
||
| 653 | _aLanguage | ||
| 653 | _aAssamese Language | ||
| 653 | _aBhasa aru sahitya | ||
| 942 | _cBK | ||
| 999 |
_c2468 _d2468 |
||